Statistiques concernant mon 11 de légende ( football ) 3

Cliquez ici pour prendre le quiz!

Statistiques générales

  • Ce quiz a été pris 299 fois
  • Le résultat moyen est 13 sur 18

Statistiques - réponses

HintRéponse% Correct
gardienreal madridcasillas
95%
défenseur central
barcelonepuyol
90%
milieubarcelonexavi
89%
défenseur gauchereal madridmarcelo
88%
ailier droitbarcelone / psgmessi
87%
milieupsgverratti
86%
ailier gauchepsgmbappe
82%
défenseur droitdortmund / real madrid / psg / inter milanhakimi
80%
buteurpsg / ac milanibrahimovic
74%
rp milieuleicester / chelseakante
73%
rp gardienreims / rennes / chelseamendy
73%
défenseur centralpsg / milan ac / chelseathiago silva
73%
rp buteurmarseille / chelseadrogba
68%
rp défenseur centraljuventuschiellini
66%
milieureal madrid / ac milankaka
65%
rp ailier gauchebayernribery
62%
rp ailier droitpsg / real madriddi maria
54%
rp milieuinter / galatasaraysneijder
27%

Distribution des résultats

Percentile par nombre de réponses

% des personnes avec chaque résultat

Votre développement - résultats

Vous n’avez pas pris ce quiz